|
|
|
|
| LEADER |
00000cam a22000004a 4500 |
| 001 |
musev2_7057 |
| 003 |
MdBmJHUP |
| 005 |
20230905040821.0 |
| 006 |
m o d |
| 007 |
cr||||||||nn|n |
| 008 |
080417s2009 miu o 00 0 eng d |
| 010 |
|
|
|z 2008017340
|
| 020 |
|
|
|a 9780472025213
|
| 020 |
|
|
|z 9780472037797
|
| 020 |
|
|
|z 9780472116737
|
| 035 |
|
|
|a (OCoLC)643805518
|
| 040 |
|
|
|a MdBmJHUP
|c MdBmJHUP
|
| 050 |
0 |
4 |
|a PA4167
|b .V36 2009
|
| 082 |
0 |
|
|a 883/.01
|2 22
|
| 100 |
1 |
|
|a Van Nortwick, Thomas,
|d 1946-
|
| 245 |
1 |
4 |
|a The Unknown Odysseus :
|b Alternate Worlds in Homer's Odyssey /
|c Thomas Van Nortwick.
|
| 264 |
|
1 |
|a Ann Arbor :
|b University of Michigan Press,
|c 2009.
|
| 264 |
|
3 |
|a Baltimore, Md. :
|b Project MUSE,
|c 2012
|
| 264 |
|
4 |
|c ©2009.
|
| 300 |
|
|
|a 1 online resource (160 pages).
|
| 336 |
|
|
|a text
|b txt
|2 rdacontent
|
| 337 |
|
|
|a computer
|b c
|2 rdamedia
|
| 338 |
|
|
|a online resource
|b cr
|2 rdacarrier
|
| 504 |
|
|
|a Includes bibliographical references (p. 127-139) and index.
|
| 505 |
0 |
|
|a The making of Odysseus : The hero emerges ; Odysseus at work -- The unmaking of Odysseus : Subversive anonymity ; Constructed lives -- The ward of Hermes : Odysseus as trickster -- Sleepers awake : the return of the beggar.
|
| 588 |
|
|
|a Description based on print version record.
|
| 600 |
0 |
0 |
|a Homer.
|t Odyssey.
|
| 650 |
|
0 |
|a Odysseus (Greek mythology) in literature.
|
| 655 |
|
7 |
|a Electronic books.
|2 local
|
| 710 |
2 |
|
|a Project Muse.
|e distributor
|
| 830 |
|
0 |
|a Book collections on Project MUSE.
|
| 856 |
4 |
0 |
|z Texto completo
|u https://projectmuse.uam.elogim.com/book/7057/
|
| 945 |
|
|
|a Project MUSE - Custom Collection
|
| 945 |
|
|
|a Project MUSE - Archive Complete Foundation
|
| 945 |
|
|
|a Project MUSE - Archive Classical Studies Foundation
|